Priame zahraničné investície ako faktor rozvoja odvetvia

Saved in:
Bibliographic Details
Main Author: Füzyová, Ľubica
Format: Book Chapter
Language:Slovak
Tags: Add Tag
No Tags, Be the first to tag this record!

MARC

LEADER 00000naa$a2200000$$$4500
001 0061526
005 20240502083147.3
041 0 |a slo 
044 |a CZ 
245 1 0 |a Priame zahraničné investície ako faktor rozvoja odvetvia  |c Ľubica Füzyová 
100 1 |a Füzyová, Ľubica